Negotiating : Everybody Wins

Bibliographic Details
Main Author: Helps, Vanessa
Format: Book
Published: London : BBC Books , 1992
Subjects:

MARC

LEADER 00000cam a2200000 7i4500
001 0000039652
005 20041103.0
008 031226s1992
020 |a 056336289 
090 0 0 |a 658.8 HEL 
100 0 |a Helps, Vanessa 
245 0 0 |a Negotiating :   |b Everybody Wins   |c Vanessa Helps 
260 |a London :   |b BBC Books ,   |c 1992 
300 |a 120p ;   |c 22cm. 
650 0 0 |a Marketing 
999 |a 010679   |b Buku   |c Rak Terbuka   |e Perbadanan Perpustakaan Awam Melaka 
999 |a 10679   |b Buku   |c Rak Terbuka   |e Perbadanan Perpustakaan Awam Melaka